Contrataciones por parte de empleadores marroquíes del sector formal en relación con los puestos vacantes: Competencias buscadas e importancia otorgada al título académico (notice n° 2036281)

détails MARC
000 -LEADER
fixed length control field 01201cam a2200181 4500500
005 - DATE AND TIME OF LATEST TRANSACTION
control field 20260405000344.0
041 ## - LANGUAGE CODE
Language code of text/sound track or separate title fre
042 ## - AUTHENTICATION CODE
Authentication code dc
100 10 - MAIN ENTRY--PERSONAL NAME
Personal name Aventur, François
Relator term author
245 00 - TITLE STATEMENT
Title Contrataciones por parte de empleadores marroquíes del sector formal en relación con los puestos vacantes: Competencias buscadas e importancia otorgada al título académico
260 ## - PUBLICATION, DISTRIBUTION, ETC.
Date of publication, distribution, etc. 2026.<br/>
500 ## - GENERAL NOTE
General note 63
520 ## - SUMMARY, ETC.
Summary, etc. A partir de los resultados de la encuesta panel ONMT-CIDE 2022 realizada a una muestra representativa de empresas del sector formal marroquí, se ponen de relieve las competencias técnicas o conductuales que buscan los empleadores a la hora de contratar personal y la importancia que conceden a la posesión de un título universitario. Se observan diferencias importantes, en particular en función del nivel de cualificación de los empleos en cuestión y de las familias de profesiones consideradas.
700 10 - ADDED ENTRY--PERSONAL NAME
Personal name Berhili, Saad-Ellah
Relator term author
700 10 - ADDED ENTRY--PERSONAL NAME
Personal name Chamkhi, Amine
Relator term author
786 0# - DATA SOURCE ENTRY
Note Formation emploi | - | 1 | 2026-02-04 | p. 82-109 | 0759-6340
856 41 - ELECTRONIC LOCATION AND ACCESS
Uniform Resource Identifier <a href="https://shs.cairn.info/revista-formation-emploi-2026-1-page-82?lang=es&redirect-ssocas=7080">https://shs.cairn.info/revista-formation-emploi-2026-1-page-82?lang=es&redirect-ssocas=7080</a>

Pas d'exemplaire disponible.

PLUDOC

PLUDOC est la plateforme unique et centralisée de gestion des bibliothèques physiques et numériques de Guinée administré par le CEDUST. Elle est la plus grande base de données de ressources documentaires pour les Étudiants, Enseignants chercheurs et Chercheurs de Guinée.

Adresse

627 919 101/664 919 101

25 boulevard du commerce
Kaloum, Conakry, Guinée

Réseaux sociaux

Powered by Netsen Group @ 2025